Das Totenbuch des Bak-su (pKM 1970.37/pBrocklehurst) aus der Zeit Amenophis' II.
Saved in:
| Main Author: | |
|---|---|
| Format: | Book |
| Language: | German |
| Published: |
Wiesbaden :
Harrassowitz,
1995
|
| Series: | Handschriften des Altagyptischen Totenbuches ;
; 2 |
| Subjects: | |
| Tags: |
Add Tag
No Tags, Be the first to tag this record!
|
MARC
| LEADER | 00000nam a2200000 i 4500 | ||
|---|---|---|---|
| 001 | 1/77615 | ||
| 008 | 080317s1995 ger d | ||
| 020 | |a 3-447-03686-9 | ||
| 035 | |l 10095506 | ||
| 040 | |a GR-MY-UA |b gre |e aacr | ||
| 041 | 0 | |a ger | |
| 082 | 0 | |a 299.31 |2 (22) | |
| 100 | 1 | |a Munro, Irmtraut. | |
| 245 | 1 | 4 | |a Das Totenbuch des Bak-su (pKM 1970.37/pBrocklehurst) aus der Zeit Amenophis' II. / |c Irmtraut Munro |
| 260 | |a Wiesbaden : |b Harrassowitz, |c 1995 | ||
| 300 | |a [xi], 28 σ.; |b φωτ.; |c 30-34 εκ. | ||
| 490 | 1 | |a Handschriften des Altagyptischen Totenbuches |v ; 2 | |
| 500 | |a Το βιβλίο και 13 φύλλα με ιερογλυφικές απεικονίσεις περιέχονται σε θήκη | ||
| 504 | |a Περιλαμβάνει βιβλιογραφίες | ||
| 651 | 0 | |a Egypt |x Religion |x Sacred books. | |
| 651 | 0 | |a Egypt |x Antiquities. | |
| 830 | 0 | |a Handschriften des Altagyptischen Totenbuches ; |v ; 2 | |
| 852 | |a INST |b RHODES |e 20080317 |h 299.31 MUN |p 005400029725 |q 005400029725 |t REF |y 23 | ||
| 901 | |a BIBL4-2008-1 | ||
| 909 | |a Ρ |b 145755 | ||
| 922 | |a 4ΕΛΗ |b 200802 |c ΕΠΕΑΕΚ2/ΤΜΣ |d ΠΑΠΑΣΩΤΗΡΙΟΥ | ||
| 970 | |a ΧΑΡΙΟΠΟΛΙΤΟΥ |b ΚΩΝΣΤΑΝΤΙΝΑ |z 2008/03/17 | ||